Statistics for Portugal Euro 2020 Squad

Click here to take the quiz!

General Stats

  • This quiz has been taken 1,717 times
    (1,602 since last reset)
  • The average score is 17 of 27

Answer Stats

#PositionPlayer% Correct
7FW ©Cristiano Ronaldo
100%
1GKRui Patrício
93%
3DFPepe
90%
10MFBernardo Silva
88%
9FWAndré Silva
85%
15FWRafa Silva
83%
4DFRúben Dias
82%
11MFBruno Fernandes
81%
22GKRui Silva
79%
8MFJoão Moutinho
68%
23FWJoão Félix
67%
5DFRaphaël Guerreiro
64%
21FWDiogo Jota
63%
18MFRúben Neves
60%
14MFWilliam Carvalho
60%
16MFRenato Sanches
58%
6DFJosé Fonte
57%
2DFNélson Semedo
56%
13MFDanilo Pereira
55%
12GKAnthony Lopes
53%
ManagerFernando Santos
52%
25DFNuno Mendes
45%
20DFDiogo Dalot
43%
17FWGonçalo Guedes
36%
26MFJoão Palhinha
32%
19FWPedro Gonçalves
25%
24MFSérgio Oliveira
20%

Score Distribution

Percentile by Number Answered

Percent of People with Each Score

Your Score History

You have not taken this quiz since the last reset